[Event "Isle of Man Major Minor"]
[Site "Douglas"]
[Date "2023.10.28"]
[Round "1.1"]
[White "Cross, Glenn"]
[Black "Nicholas, Koichi B"]
[Result "0-1"]
[WhiteElo "1742"]
[BlackElo "2139"]
[PlyCount "59"]
[EventDate "2023.10.28"]
[EventType "swiss"]
[EventRounds "7"]
[EventCountry "IOM"]
[SourceTitle "BritBase"]
[Source "John Saunders"]
[SourceDate "2023.11.12"]
[SourceVersion "1"]
[SourceVersionDate "2023.11.12"]
[SourceQuality "1"]

1. d4 Nf6 2. Nf3 c5 3. c4 cxd4 4. Nxd4 Nc6 5. Nc3 e6 6. g3 Qb6 7. Nxc6 Qxc6 8.
Rg1 Qxc4 9. e4 Qc7 10. a3 Bc5 11. Qe2 a6 12. Be3 O-O 13. Rc1 d6 14. b4 Bxe3 15.
Qxe3 Ng4 16. Qe2 e5 17. f3 Nf6 18. Qe3 Qe7 19. Rg2 Be6 20. Rd2 Rac8 21. Rcd1
Rfd8 22. Kf2 h6 23. b5 axb5 24. Bxb5 Rc5 25. a4 Rdc8 26. Nd5 Bxd5 27. exd5 e4
28. Rd4 Rc3 29. Bd3 Qe5 30. fxe4 0-1

[Event "Isle of Man Major Minor"]
[Site "Douglas"]
[Date "2023.10.28"]
[Round "1.2"]
[White "Spence, David J"]
[Black "Landenberger, Anja Kathrin"]
[Result "1-0"]
[WhiteElo "2133"]
[BlackElo "1732"]
[PlyCount "47"]
[EventDate "2023.10.28"]
[EventType "swiss"]
[EventRounds "7"]
[EventCountry "IOM"]
[SourceTitle "BritBase"]
[Source "John Saunders"]
[SourceDate "2023.11.12"]
[SourceVersion "1"]
[SourceVersionDate "2023.11.12"]
[SourceQuality "1"]

1. e4 c6 2. d4 d5 3. Nd2 dxe4 4. Nxe4 Bf5 5. Ng3 Bg6 6. h4 h6 7. Nf3 Nd7 8. h5
Bh7 9. Bd3 Bxd3 10. Qxd3 Qc7 11. Bd2 e6 12. Ne4 Ngf6 13. O-O-O Nxe4 14. Qxe4
Nf6 15. Qe2 O-O-O 16. g3 Rd5 17. c4 Rxh5 18. Bf4 Bd6 19. Bxd6 Qxd6 20. Rxh5
Nxh5 21. Ne5 Nxg3 22. fxg3 Rf8 23. Qg4 f6 24. c5 1-0

[Event "Isle of Man Major Minor"]
[Site "Douglas"]
[Date "2023.10.28"]
[Round "1.3"]
[White "Costello, John"]
[Black "Allen, Keith"]
[Result "1-0"]
[WhiteElo "1720"]
[BlackElo "2128"]
[PlyCount "51"]
[EventDate "2023.10.28"]
[EventType "swiss"]
[EventRounds "7"]
[EventCountry "IOM"]
[SourceTitle "BritBase"]
[Source "John Saunders"]
[SourceDate "2023.11.12"]
[SourceVersion "1"]
[SourceVersionDate "2023.11.12"]
[SourceQuality "1"]

1. d4 d5 2. c4 e6 3. Nc3 c5 4. Nf3 cxd4 5. Nxd4 Nc6 6. cxd5 exd5 7. g3 Nf6 8.
Bg2 Be7 9. O-O O-O 10. a3 Re8 11. b4 Be6 12. Nxe6 fxe6 13. Bh3 Bf8 14. Bg5 h6
15. Bxf6 Qxf6 16. Nb5 Qe5 17. e3 a5 18. Nd4 axb4 19. axb4 Rxa1 20. Qxa1 Nxb4
21. Qa4 Kf7 22. Rb1 Qe4 23. Rxb4 Bxb4 24. Qxb4 e5 25. Bf5 exd4 26. Bxe4 1-0

[Event "Isle of Man Major Minor"]
[Site "Douglas"]
[Date "2023.10.28"]
[Round "1.4"]
[White "Narva, Triin"]
[Black "Towers, Brian"]
[Result "1-0"]
[WhiteElo "2093"]
[BlackElo "1703"]
[PlyCount "49"]
[EventDate "2023.10.28"]
[EventType "swiss"]
[EventRounds "7"]
[EventCountry "IOM"]
[SourceTitle "BritBase"]
[Source "John Saunders"]
[SourceDate "2023.11.12"]
[SourceVersion "1"]
[SourceVersionDate "2023.11.12"]
[SourceQuality "1"]

1. e4 e6 2. d4 d5 3. Nd2 Nf6 4. e5 Nfd7 5. Bd3 c5 6. c3 b6 7. f4 Ba6 8. Bxa6
Nxa6 9. a3 g6 10. Ndf3 Nc7 11. Ne2 f5 12. exf6 Nxf6 13. O-O Bg7 14. Ng3 O-O 15.
Re1 Qd6 16. Qd3 Rae8 17. Bd2 c4 18. Qc2 Qd7 19. Ne5 Qc8 20. a4 a5 21. b3 Nd7
22. bxc4 Bxe5 23. fxe5 dxc4 24. Ne4 Qa6 25. Bh6 1-0

[Event "Isle of Man Major Minor"]
[Site "Douglas"]
[Date "2023.10.28"]
[Round "1.5"]
[White "Carr, Jay A"]
[Black "Jackson, Oliver A"]
[Result "0-1"]
[WhiteElo "1683"]
[BlackElo "2072"]
[PlyCount "66"]
[EventDate "2023.10.28"]
[EventType "swiss"]
[EventRounds "7"]
[EventCountry "IOM"]
[SourceTitle "BritBase"]
[Source "John Saunders"]
[SourceDate "2023.11.12"]
[SourceVersion "1"]
[SourceVersionDate "2023.11.12"]
[SourceQuality "1"]

1. Nf3 d6 2. d4 Nf6 3. b3 a5 4. a3 g6 5. Bb2 Bg7 6. e3 O-O 7. Be2 Nfd7 8. h4 e5
9. dxe5 Nc6 10. Nc3 Ndxe5 11. h5 Nxf3+ 12. Bxf3 Ne5 13. Be2 Be6 14. f4 Nd7 15.
hxg6 fxg6 16. Bf3 Qe7 17. Qe2 a4 18. Nd5 Qf7 19. Bxg7 Qxg7 20. Kf2 Ne5 21. fxe5
Bxd5 22. exd6 cxd6 23. Rac1 Qe5 24. Qd3 Bxf3 25. gxf3 Rf6 26. Rh4 b5 27. Rch1
h5 28. Re4 Qf5 29. f4 Rc8 30. Re1 Kf8 31. bxa4 bxa4 32. Qa6 d5 33. Re6 Qxc2+
0-1

[Event "Isle of Man Major Minor"]
[Site "Douglas"]
[Date "2023.10.28"]
[Round "1.6"]
[White "Walton, Alan J"]
[Black "Wynarczyk, Raymond"]
[Result "1/2-1/2"]
[WhiteElo "2051"]
[BlackElo "1676"]
[PlyCount "71"]
[EventDate "2023.10.28"]
[EventType "swiss"]
[EventRounds "7"]
[EventCountry "IOM"]
[SourceTitle "BritBase"]
[Source "John Saunders"]
[SourceDate "2023.11.12"]
[SourceVersion "1"]
[SourceVersionDate "2023.11.12"]
[SourceQuality "1"]

1. d4 d5 2. c4 e6 3. Nc3 Nf6 4. cxd5 exd5 5. Bg5 Bb4 6. e3 h6 7. Bh4 O-O 8. Bd3
c5 9. Nge2 Be6 10. O-O Nc6 11. a3 cxd4 12. axb4 dxc3 13. bxc3 Ne5 14. Bc2 Ng6
15. Bxg6 fxg6 16. Qd4 a6 17. Rfd1 g5 18. Bg3 Rc8 19. f3 Nd7 20. e4 Qb6 21. exd5
Bxd5 22. Qxb6 Nxb6 23. Bf2 Bc4 24. Bxb6 Bxe2 25. Rd7 Rf7 26. Rxf7 Kxf7 27. Ra2
Bb5 28. Bd4 Re8 29. Kf2 g6 30. Rd2 Rd8 31. Kg3 Rd7 32. Rf2 Rd5 33. f4 gxf4+ 34.
Rxf4+ Rf5 35. Rxf5+ gxf5 36. Kf4 1/2-1/2

[Event "Isle of Man Major Minor"]
[Site "Douglas"]
[Date "2023.10.28"]
[Round "1.7"]
[White "Dobson, Howard"]
[Black "Pert, Nina P"]
[Result "0-1"]
[WhiteElo "1671"]
[BlackElo "2043"]
[PlyCount "64"]
[EventDate "2023.10.28"]
[EventType "swiss"]
[EventRounds "7"]
[EventCountry "IOM"]
[SourceTitle "BritBase"]
[Source "John Saunders"]
[SourceDate "2023.11.12"]
[SourceVersion "1"]
[SourceVersionDate "2023.11.12"]
[SourceQuality "1"]

1. d4 d5 2. Nf3 Nf6 3. Bf4 g6 4. c3 Bg7 5. e3 O-O 6. Nbd2 b6 7. Be2 c5 8. Ne5
Bb7 9. h4 Nfd7 10. Ndf3 f6 11. Ng4 Qe8 12. h5 g5 13. Bxg5 fxg5 14. Nxg5 e5 15.
O-O h6 16. Nh3 cxd4 17. exd4 Nc6 18. Bf3 e4 19. Be2 Bc8 20. Qd2 Kh7 21. Nf4 Qf7
22. Ng6 Re8 23. f3 e3 24. Qd3 Kg8 25. Nxe3 Nf6 26. Rae1 Nxh5 27. f4 Rxe3 28.
Bxh5 Rxd3 29. Ne5 Qxh5 30. Nxd3 Ba6 31. Rf3 Qxf3 32. gxf3 Bxd3 0-1

[Event "Isle of Man Major Minor"]
[Site "Douglas"]
[Date "2023.10.28"]
[Round "1.8"]
[White "Coote, Trevor D"]
[Black "Smith, Paul"]
[Result "1-0"]
[WhiteElo "2001"]
[BlackElo "1653"]
[PlyCount "59"]
[EventDate "2023.10.28"]
[EventType "swiss"]
[EventRounds "7"]
[EventCountry "IOM"]
[SourceTitle "BritBase"]
[Source "John Saunders"]
[SourceDate "2023.11.12"]
[SourceVersion "1"]
[SourceVersionDate "2023.11.12"]
[SourceQuality "1"]

1. d4 Nf6 2. Nc3 d5 3. e4 dxe4 4. f3 exf3 5. Nxf3 c6 6. Bc4 Bg4 7. Bxf7+ Kxf7
8. Ne5+ Kg8 9. Nxg4 Nbd7 10. Qe2 Qe8 11. O-O h6 12. Ne5 e6 13. Bd2 Bd6 14. Rae1
Nxe5 15. dxe5 Bc5+ 16. Kh1 Nd7 17. Ne4 Be7 18. Qg4 Nf8 19. Nf6+ Bxf6 20. exf6
Qg6 21. Qxg6 Nxg6 22. fxg7 Kxg7 23. Rxe6 Rhe8 24. Bc3+ Kh7 25. Rf7+ Kg8 26.
Rg7+ Kf8 27. Rgxg6 Rxe6 28. Rxe6 Rd8 29. h3 Rd7 30. Rxh6 1-0

[Event "Isle of Man Major Minor"]
[Site "Douglas"]
[Date "2023.10.28"]
[Round "1.9"]
[White "Woodard, Brian"]
[Black "Slade, Robin"]
[Result "0-1"]
[WhiteElo "1649"]
[BlackElo "1960"]
[PlyCount "80"]
[EventDate "2023.10.28"]
[EventType "swiss"]
[EventRounds "7"]
[EventCountry "IOM"]
[SourceTitle "BritBase"]
[Source "John Saunders"]
[SourceDate "2023.11.12"]
[SourceVersion "1"]
[SourceVersionDate "2023.11.12"]
[SourceQuality "1"]

1. d4 f5 2. Nf3 e6 3. e3 Nf6 4. Nbd2 b6 5. c3 Bb7 6. Be2 Be7 7. b3 O-O 8. Bb2
Qe8 9. Qc2 d6 10. Bc4 d5 11. Be2 Nbd7 12. g3 Ne4 13. Ne5 Nxe5 14. dxe5 Nxd2 15.
Qxd2 d4 16. Rg1 dxe3 17. Qxe3 Bc5 18. Qg5 Rd8 19. b4 Be7 20. Qe3 Bd5 21. f4 Qa4
22. Bd1 Qd7 23. Be2 Be4 24. a3 Qc6 25. Kf2 a5 26. Rgd1 Rxd1 27. Rxd1 axb4 28.
axb4 Qa4 29. Qc1 c5 30. bxc5 Bxc5+ 31. Kf1 Qc6 32. Ba3 Bc2 33. Bxc5 Bxd1 34.
Qxd1 bxc5 35. Bf3 Qb6 36. Kg2 Rd8 37. Qc2 c4 38. Qa2 Qb3 39. Qa5 Rd2+ 40. Kh3
Qa2 0-1

[Event "Isle of Man Major Minor"]
[Site "Douglas"]
[Date "2023.10.28"]
[Round "1.10"]
[White "Sipos, Silvester"]
[Black "Griffin, John"]
[Result "1-0"]
[WhiteElo "1950"]
[BlackElo "1646"]
[PlyCount "103"]
[EventDate "2023.10.28"]
[EventType "swiss"]
[EventRounds "7"]
[EventCountry "IOM"]
[SourceTitle "BritBase"]
[Source "John Saunders"]
[SourceDate "2023.11.12"]
[SourceVersion "1"]
[SourceVersionDate "2023.11.12"]
[SourceQuality "1"]

1. d4 e6 2. Nc3 a6 3. Bf4 Nf6 4. e3 c5 5. Nf3 Nc6 6. a3 d5 7. Ne5 cxd4 8. Nxc6
bxc6 9. exd4 Bd6 10. Qf3 Rb8 11. b4 Qe7 12. Bxd6 Qxd6 13. Bd3 O-O 14. O-O Qc7
15. Na4 a5 16. c3 axb4 17. cxb4 Qa7 18. Nc5 Nd7 19. Qe2 Re8 20. Rfe1 Ra8 21. h4
Qc7 22. g3 Qd6 23. Kg2 Qe7 24. Qc2 g6 25. h5 Qg5 26. hxg6 hxg6 27. f4 Qf6 28.
Nb3 Kg7 29. Qxc6 Ra7 30. a4 Rh8 31. Rh1 Nb8 32. Qc5 Rxh1 33. Kxh1 Ba6 34. b5
Qe7 35. Qxe7 Rxe7 36. bxa6 Kf6 37. Nc5 g5 38. Rb1 Nc6 39. Rb7 gxf4 40. gxf4 Re8
41. Bb5 Rh8+ 42. Kg2 Nxd4 43. Nd7+ Kf5 44. Rb8 Rh4 45. a7 Rg4+ 46. Kh3 Kxf4 47.
Ne5 Rg3+ 48. Kh2 Rg5 49. a8=Q Rxe5 50. Rh8 Nf3+ 51. Kg2 Ke3 52. Rh3 1-0

[Event "Isle of Man Major Minor"]
[Site "Douglas"]
[Date "2023.10.28"]
[Round "1.11"]
[White "Prateek, Wadhwa"]
[Black "Waddington, Michael P"]
[Result "1-0"]
[WhiteElo "1623"]
[BlackElo "1931"]
[PlyCount "93"]
[EventDate "2023.10.28"]
[EventType "swiss"]
[EventRounds "7"]
[EventCountry "IOM"]
[SourceTitle "BritBase"]
[Source "John Saunders"]
[SourceDate "2023.11.12"]
[SourceVersion "1"]
[SourceVersionDate "2023.11.12"]
[SourceQuality "1"]

1. d4 f5 2. Bg5 c6 3. c3 Qb6 4. Qc2 Nf6 5. Nd2 d5 6. Bxf6 exf6 7. e3 Be6 8. Bd3
Nd7 9. Bxf5 Bxf5 10. Qxf5 O-O-O 11. O-O-O g6 12. Qd3 Bh6 13. Ne2 f5 14. f4 Nf6
15. h3 Ne4 16. Nxe4 fxe4 17. Qc2 Kb8 18. g4 Bf8 19. g5 Bg7 20. Kb1 Rhf8 21. h4
Rf7 22. c4 c5 23. cxd5 cxd4 24. Nxd4 Rxd5 25. Qxe4 Rfd7 26. Rd2 Bxd4 27. exd4
Rxd4 28. Rxd4 Qxd4 29. Qxd4 Rxd4 30. Re1 Rxf4 31. Re8+ Kc7 32. Re7+ Kb8 33.
Rxh7 a6 34. a3 Rf2 35. Rh6 Rh2 36. Kc1 Ka7 37. Kd1 a5 38. a4 Kb8 39. Ke1 Kc7
40. Kf1 Rxb2 41. Rxg6 Rb4 42. h5 Rxa4 43. h6 Rh4 44. Rg7+ Kc6 45. h7 a4 46. g6
a3 47. Rg8 1-0

[Event "Isle of Man Major Minor"]
[Site "Douglas"]
[Date "2023.10.28"]
[Round "1.12"]
[White "Fabri, Henrik"]
[Black "Allen, John P"]
[Result "1-0"]
[WhiteElo "1903"]
[BlackElo "1598"]
[PlyCount "43"]
[EventDate "2023.10.28"]
[EventType "swiss"]
[EventRounds "7"]
[EventCountry "IOM"]
[SourceTitle "BritBase"]
[Source "John Saunders"]
[SourceDate "2023.11.12"]
[SourceVersion "1"]
[SourceVersionDate "2023.11.12"]
[SourceQuality "1"]

1. e4 c5 2. c3 d5 3. exd5 Qxd5 4. d4 Nc6 5. Nf3 Bf5 6. Be3 cxd4 7. cxd4 Bxb1 8.
Rxb1 Qxa2 9. Be2 e6 10. O-O Bd6 11. Ne5 Bxe5 12. dxe5 Nge7 13. f4 O-O 14. Qc2
Nb4 15. Qe4 Nbd5 16. Bc5 Qa5 17. b4 Qc7 18. Bd3 g6 19. Rfc1 Qd7 20. Rc2 b6 21.
Bd6 Rfc8 22. Ba6 1-0

[Event "Isle of Man Major Minor"]
[Site "Douglas"]
[Date "2023.10.28"]
[Round "1.13"]
[White "Watkinson, Colin"]
[Black "Ireland, David J"]
[Result "1/2-1/2"]
[WhiteElo "1547"]
[BlackElo "1897"]
[PlyCount "96"]
[EventDate "2023.10.28"]
[EventType "swiss"]
[EventRounds "7"]
[EventCountry "IOM"]
[SourceTitle "BritBase"]
[Source "John Saunders"]
[SourceDate "2023.11.12"]
[SourceVersion "1"]
[SourceVersionDate "2023.11.12"]
[SourceQuality "1"]

1. e4 c6 2. d4 d5 3. Nc3 dxe4 4. Nxe4 Bf5 5. Ng3 Bg6 6. Nf3 e6 7. Bd3 c5 8.
Bxg6 hxg6 9. Be3 cxd4 10. Qxd4 Nc6 11. Qxd8+ Rxd8 12. O-O Nf6 13. a3 Nd5 14.
Rfe1 Nxe3 15. Rxe3 Bc5 16. Re4 Ke7 17. Rae1 Rd5 18. c4 Rd3 19. b4 Bb6 20. c5
Bc7 21. R4e3 Rhd8 22. Rxd3 Rxd3 23. Re3 Rxe3 24. fxe3 Bxg3 25. hxg3 a6 26. g4
f6 27. Kf2 Na7 28. a4 e5 29. e4 Kd7 30. g5 Kc6 31. gxf6 gxf6 32. g4 a5 33. g5
axb4 34. gxf6 Kd7 35. f7 Ke7 36. Nxe5 g5 37. Ke3 b3 38. Kd3 g4 39. f8=Q+ Kxf8
40. Nxg4 Nc6 41. Ne3 Nb4+ 42. Kc3 b2 43. Kxb2 Nd3+ 44. Ka3 Nxc5 45. e5 Kf7 46.
Nc4 Ke6 47. Kb4 Kd5 48. a5 Kc6 1/2-1/2

[Event "Isle of Man Major Minor"]
[Site "Douglas"]
[Date "2023.10.28"]
[Round "1.14"]
[White "Pert, Max P"]
[Black "Armstrong, Chris"]
[Result "1-0"]
[WhiteElo "1893"]
[BlackElo "1485"]
[PlyCount "53"]
[EventDate "2023.10.28"]
[EventType "swiss"]
[EventRounds "7"]
[EventCountry "IOM"]
[SourceTitle "BritBase"]
[Source "John Saunders"]
[SourceDate "2023.11.12"]
[SourceVersion "1"]
[SourceVersionDate "2023.11.12"]
[SourceQuality "1"]

1. e4 e6 2. d4 d5 3. Nc3 Bb4 4. e5 c5 5. a3 Bxc3+ 6. bxc3 Ne7 7. h4 Nbc6 8. Nf3
Qc7 9. Bd3 cxd4 10. O-O dxc3 11. Re1 Ng6 12. Qe2 Bd7 13. Rb1 O-O-O 14. h5 Nf8
15. a4 Na5 16. Ba3 Nc4 17. Bb4 Nb2 18. Qe3 a6 19. Bd6 Qa5 20. Ng5 Be8 21. Qa7
Rxd6 22. Qa8+ Kd7 23. exd6 Qb6 24. Qb8 f6 25. Bxa6 fxg5 26. Bb5+ Qxb5 27. Qc7#
1-0

[Event "Isle of Man Major Minor"]
[Site "Douglas"]
[Date "2023.10.28"]
[Round "1.15"]
[White "Dyshliuk, Fedir"]
[Black "Fleming, Andrew S J"]
[Result "1-0"]
[WhiteElo "1393"]
[BlackElo "1872"]
[PlyCount "63"]
[EventDate "2023.10.28"]
[EventType "swiss"]
[EventRounds "7"]
[EventCountry "IOM"]
[SourceTitle "BritBase"]
[Source "John Saunders"]
[SourceDate "2023.11.12"]
[SourceVersion "1"]
[SourceVersionDate "2023.11.12"]
[SourceQuality "1"]

1. e4 e6 2. d4 d5 3. exd5 exd5 4. Nf3 Nf6 5. Bd3 Be7 6. O-O O-O 7. Bf4 Bg4 8.
Nbd2 Nbd7 9. Re1 c5 10. c3 c4 11. Be2 Re8 12. Ne5 Bxe2 13. Qxe2 Bd6 14. Qf3 Qc7
15. Nxd7 Qxd7 16. b3 Bxf4 17. Qxf4 b5 18. Re5 Re6 19. Rae1 Rc6 20. Re7 Qc8 21.
bxc4 bxc4 22. Nf3 Rb6 23. Ng5 Rb7 24. Nxf7 Rxe7 25. Rxe7 Rb8 26. h3 Rb7 27. Nd6
Rb1+ 28. Kh2 Qb8 29. g3 Rb2 30. Qf5 Kf8 31. Qe6 Rxf2+ 32. Kg1 1-0

[Event "Isle of Man Major Minor"]
[Site "Douglas"]
[Date "2023.10.28"]
[Round "1.16"]
[White "Dunkley, David"]
[Black "Berendsen, David"]
[Result "1/2-1/2"]
[WhiteElo "1270"]
[BlackElo "1805"]
[PlyCount "130"]
[EventDate "2023.10.28"]
[EventType "swiss"]
[EventRounds "7"]
[EventCountry "IOM"]
[SourceTitle "BritBase"]
[Source "John Saunders"]
[SourceDate "2023.11.12"]
[SourceVersion "1"]
[SourceVersionDate "2023.11.12"]
[SourceQuality "1"]

1. d4 f5 2. Nf3 b6 3. c4 e6 4. g3 Bb7 5. Bg2 Nf6 6. O-O Be7 7. Bg5 Ne4 8. Bxe7
Qxe7 9. Nbd2 O-O 10. Qc2 Na6 11. a3 c5 12. e3 Rac8 13. Ne5 d6 14. Nef3 Nc7 15.
b4 Nxd2 16. Qxd2 Be4 17. b5 Rfd8 18. a4 e5 19. d5 Ne8 20. a5 Ra8 21. Qe2 Nc7
22. Bh3 g5 23. Nd2 bxa5 24. f3 Bxd5 25. cxd5 Nxd5 26. Bxf5 Qf7 27. Be4 Rab8 28.
Bxd5 Qxd5 29. Rxa5 Rb7 30. f4 gxf4 31. exf4 Re8 32. Qc4 Qe6 33. Qxe6+ Rxe6 34.
fxe5 Rxe5 35. Nc4 Re2 36. Nxd6 Rd7 37. Ra6 Re6 38. Rd1 c4 39. Rc6 h6 40. Rc8+
Kh7 41. Rc6 c3 42. b6 axb6 43. Rxb6 Kg6 44. h4 Kh5 45. Kg2 c2 46. Rd5+ Kg6 47.
h5+ Kh7 48. Rc6 Rexd6 49. Rdxd6 Rxd6 50. Rxc2 Kg7 51. Rf2 Rd5 52. g4 Rd3 53.
Rf3 Rd4 54. Kg3 Ra4 55. Rf4 Ra1 56. Rf5 Ra4 57. g5 Ra3+ 58. Kg4 Ra4+ 59. Kg3
Ra3+ 60. Kg4 Ra4+ 61. Rf4 Rxf4+ 62. Kxf4 hxg5+ 63. Kxg5 Kh7 64. h6 Kh8 65. Kg6
Kg8 1/2-1/2

[Event "Isle of Man Major Minor"]
[Site "Douglas"]
[Date "2023.10.28"]
[Round "1.19"]
[White "Mehmet, Zia"]
[Black "Jackson, Antony"]
[Result "1-0"]
[WhiteElo "1822"]
[BlackElo "1366"]
[PlyCount "113"]
[EventDate "2023.10.28"]
[EventType "swiss"]
[EventRounds "7"]
[EventCountry "IOM"]
[SourceTitle "BritBase"]
[Source "John Saunders"]
[SourceDate "2023.11.12"]
[SourceVersion "1"]
[SourceVersionDate "2023.11.12"]
[SourceQuality "1"]

1. d4 d5 2. Nf3 g6 3. Bf4 Bg7 4. e3 Nf6 5. h3 O-O 6. Be2 Nbd7 7. O-O b6 8. c4
Bb7 9. Nc3 e6 10. Rc1 Rc8 11. b4 c6 12. Qb3 Qe7 13. c5 b5 14. Bd6 Qe8 15. Bxf8
Bxf8 16. a4 a6 17. axb5 axb5 18. Ra1 Ra8 19. Ne5 Nb8 20. Rxa8 Bxa8 21. Qa3 Bb7
22. Qa7 Qc8 23. Ra1 Ne8 24. f4 f6 25. Nd3 Nc7 26. Qa2 Bg7 27. Bg4 h5 28. Bd1
Nca6 29. Rb1 Nd7 30. Ne2 Qe8 31. Qd2 Bh6 32. Kh1 e5 33. Bc2 e4 34. Nf2 f5 35.
Rg1 Nf6 36. g4 hxg4 37. hxg4 fxg4 38. Nxg4 Nxg4 39. Rxg4 Bc8 40. Rg3 g5 41. Bd1
Qh5+ 42. Kg2 Bg4 43. Nc3 Bxd1 44. Nxd1 Nxb4 45. Nf2 Na6 46. fxg5 Bg7 47. Qa5
Nb8 48. Qd8+ Kh7 49. Rh3 Qxh3+ 50. Nxh3 Na6 51. Qa5 Nb8 52. Qb6 Nd7 53. Qxc6
Nf8 54. Qxd5 Ng6 55. Qxe4 b4 56. c6 Kh8 57. Qxg6 1-0

[Event "Isle of Man Major Minor"]
[Site "Douglas"]
[Date "2023.10.29"]
[Round "2.1"]
[White "Nicholas, Koichi B"]
[Black "Fabri, Henrik"]
[Result "1-0"]
[WhiteElo "2139"]
[BlackElo "1903"]
[PlyCount "115"]
[EventDate "2023.10.28"]
[EventType "swiss"]
[EventRounds "7"]
[EventCountry "IOM"]
[SourceTitle "BritBase"]
[Source "John Saunders"]
[SourceDate "2023.11.12"]
[SourceVersion "1"]
[SourceVersionDate "2023.11.12"]
[SourceQuality "1"]

1. e4 Nf6 2. e5 Nd5 3. d4 d6 4. c4 Nb6 5. f4 g6 6. Nc3 Bg7 7. Be3 Be6 8. d5 Bc8
9. Nf3 Bg4 10. Be2 O-O 11. O-O N8d7 12. e6 Bxf3 13. Rxf3 fxe6 14. dxe6 Nc5 15.
g4 c6 16. f5 Nxe6 17. fxe6 Rxf3 18. Bxf3 Nxc4 19. Qe2 Ne5 20. g5 Qa5 21. Rf1
Qb4 22. Bg2 d5 23. Bf4 Qc4 24. Bxe5 Qxe2 25. Nxe2 Bxe5 26. Rf7 Bd6 27. h4 Rf8
28. Rxf8+ Kxf8 29. Kf1 Be5 30. b3 Ke8 31. Kf2 Kd8 32. Nc1 Kc7 33. Nd3 Bh2 34.
Bh3 b6 35. Bg4 c5 36. h5 c4 37. Ne1 Bf4 38. Nf3 c3 39. Nd4 Bd2 40. Ke2 Bxg5 41.
hxg6 hxg6 42. Nb5+ Kc6 43. Nxc3 Kc5 44. Kd3 a6 45. Bf3 Kd6 46. Nxd5 Kxe6 47.
Nxb6 Bh4 48. Ke4 Be1 49. Nc4 Kf6 50. Ne3 Kg5 51. Nd5 Kh4 52. Nxe7 g5 53. Kf5 a5
54. Be2 Bd2 55. Ng6+ Kg3 56. Ne5 Kf2 57. Bd1 Ke1 58. Bh5 1-0

[Event "Isle of Man Major Minor"]
[Site "Douglas"]
[Date "2023.10.29"]
[Round "2.2"]
[White "Pert, Max P"]
[Black "Spence, David J"]
[Result "0-1"]
[WhiteElo "1893"]
[BlackElo "2133"]
[PlyCount "156"]
[EventDate "2023.10.28"]
[EventType "swiss"]
[EventRounds "7"]
[EventCountry "IOM"]
[SourceTitle "BritBase"]
[Source "John Saunders"]
[SourceDate "2023.11.12"]
[SourceVersion "1"]
[SourceVersionDate "2023.11.12"]
[SourceQuality "1"]

1. d4 e6 2. Nf3 Nf6 3. Bf4 b6 4. e3 Bb7 5. Nbd2 Be7 6. h3 d6 7. c3 Nbd7 8. Bd3
c5 9. O-O cxd4 10. exd4 h6 11. Qe2 a6 12. Rfe1 O-O 13. Bh2 Re8 14. Ne4 Qc7 15.
Nfd2 Bf8 16. Nxf6+ Nxf6 17. Ne4 Nxe4 18. Bxe4 Bxe4 19. Qxe4 b5 20. a4 Rab8 21.
axb5 axb5 22. Ra6 Rec8 23. Bf4 b4 24. Rc1 Qc4 25. Raa1 Qb3 26. Qc2 bxc3 27.
bxc3 Qxc2 28. Rxc2 Rc4 29. Kf1 e5 30. Be3 Rb3 31. Rac1 f5 32. f4 e4 33. Ke2 d5
34. Kd2 Ba3 35. Ra1 Bb2 36. Ra6 Bxc3+ 37. Kd1 Bxd4 38. Rxc4 Rd3+ 39. Kc2 dxc4
40. Bxd4 Rxd4 41. Kc3 Rd1 42. Ra5 Rc1+ 43. Kd2 Rg1 44. Rxf5 Rxg2+ 45. Kc3 Rg3+
46. Kxc4 Rxh3 47. Kd4 e3 48. Kd3 Kh7 49. Rf8 h5 50. f5 Rg3 51. f6 g5 52. f7 Kg7
53. Rh8 Kxf7 54. Rxh5 Kg6 55. Rh8 Kf5 56. Ke2 Kg4 57. Ra8 Kh3 58. Rh8+ Kg2 59.
Rg8 g4 60. Rg7 Kh2 61. Rg8 Rg2+ 62. Kxe3 Kg3 63. Rg7 Rg1 64. Ke2 Ra1 65. Rg8
Rh1 66. Rg7 Rh4 67. Kf1 Rh1+ 68. Ke2 Kh3 69. Rg8 g3 70. Rg7 Kg2 71. Rg8 Rh7 72.
Ke3 Rf7 73. Rg6 Kh2 74. Ke2 Rf5 75. Rg8 g2 76. Rh8+ Kg1 77. Rh7 Re5+ 78. Kf3
Kf1 0-1

[Event "Isle of Man Major Minor"]
[Site "Douglas"]
[Date "2023.10.29"]
[Round "2.3"]
[White "Mehmet, Zia"]
[Black "Narva, Triin"]
[Result "0-1"]
[WhiteElo "1822"]
[BlackElo "2093"]
[PlyCount "124"]
[EventDate "2023.10.28"]
[EventType "swiss"]
[EventRounds "7"]
[EventCountry "IOM"]
[SourceTitle "BritBase"]
[Source "John Saunders"]
[SourceDate "2023.11.12"]
[SourceVersion "1"]
[SourceVersionDate "2023.11.12"]
[SourceQuality "1"]

1. d4 g6 2. Nf3 Bg7 3. Bf4 d6 4. e3 Nd7 5. c3 e5 6. dxe5 dxe5 7. Bg3 Ne7 8. Bc4
O-O 9. O-O Nf5 10. Nbd2 Nxg3 11. hxg3 Nb6 12. Bb3 Bg4 13. Qc2 c6 14. Rfe1 Qe7
15. Nh2 Bd7 16. Nhf3 Rad8 17. a4 Kh8 18. a5 Nd5 19. Bc4 Bg4 20. Be2 f5 21. Nh2
Bxe2 22. Rxe2 e4 23. Nhf1 Nf6 24. Nb3 Nd7 25. Rd2 Ne5 26. Rad1 Nc4 27. Rxd8
Rxd8 28. Ra1 Qd6 29. Ra4 Qd5 30. Qb1 Nxe3 31. Nxe3 Qxb3 32. Rb4 Qf7 33. Qc2 Qc7
34. Qb3 Rd7 35. Nc4 Bf8 36. Ra4 Bc5 37. Kf1 Qd8 38. Ra1 Qg8 39. Qa4 Qd5 40. Re1
b5 41. axb6 axb6 42. Ne3 Qd3+ 43. Kg1 Bxe3 44. fxe3 Qd2 45. Ra1 Qxe3+ 46. Kf1
Qc5 47. Qa8+ Kg7 48. Ra7 Qe7 49. Rxd7 Qxd7 50. Qb8 b5 51. Qe5+ Kf7 52. Qh8 Ke6
53. Qg8+ Kd6 54. Qb8+ Qc7 55. Qf8+ Ke6 56. Qe8+ Kf6 57. Qf8+ Kg5 58. Qc5 Qxg3
59. Qf8 e3 60. Qd8+ Kh5 61. Kg1 Qf2+ 62. Kh2 e2 0-1

[Event "Isle of Man Major Minor"]
[Site "Douglas"]
[Date "2023.10.29"]
[Round "2.4"]
[White "Jackson, Oliver A"]
[Black "Coe, Lawrence"]
[Result "1/2-1/2"]
[WhiteElo "2072"]
[BlackElo "1805"]
[PlyCount "84"]
[EventDate "2023.10.28"]
[EventType "swiss"]
[EventRounds "7"]
[EventCountry "IOM"]
[SourceTitle "BritBase"]
[Source "John Saunders"]
[SourceDate "2023.11.12"]
[SourceVersion "1"]
[SourceVersionDate "2023.11.12"]
[SourceQuality "1"]

1. e4 c6 2. d4 d5 3. Nc3 dxe4 4. Nxe4 Bf5 5. Ng3 Bg6 6. h4 h5 7. N1e2 Nf6 8.
Nf4 Bh7 9. Be2 Nbd7 10. Nfxh5 Nxh5 11. Nxh5 e6 12. c3 Qa5 13. Nf4 g5 14. Nxe6
gxh4 15. b4 Qb6 16. Nc5 O-O-O 17. Be3 Nxc5 18. bxc5 Bxc5 19. Qb3 Qxb3 20. axb3
Bb6 21. Rxh4 Bc2 22. Rxh8 Rxh8 23. Ra3 a6 24. Kd2 Be4 25. Bg4+ f5 26. Bh3 Kd8
27. Ra1 Bc7 28. Bg5+ Ke8 29. f3 Rxh3 30. gxh3 Bxf3 31. Ke3 Be4 32. h4 Kf7 33.
c4 Kg6 34. Rg1 Bh2 35. Rd1 Bc2 36. Rh1 Bc7 37. b4 Kh5 38. Bf4 Bd8 39. d5 Be4
40. Rd1 cxd5 41. cxd5 Bb6+ 42. Ke2 Kg4 1/2-1/2